Statistiques concernant 150 joueurs de football par photo

Cliquez ici pour prendre le quiz!

Statistiques générales

  • Ce quiz a été pris 1 597 fois
  • Le résultat moyen est 90 sur 150

Statistiques - réponses

Réponse% Correct
Cristiano Ronaldo
99%
Kyilan Mbappé
99%
Lionel Messi
99%
Neymar
99%
Luka Modric
95%
Achraf Hakimi
93%
Robert Lewandowski
90%
Emiliano Martinez
89%
Karim Benzema
89%
Vinicius jr
89%
Hugo Lloris
87%
Eduardo Camavinga
86%
Jude bellingham
86%
Thibault Courtois
86%
Lautaro Martinez
84%
Mohammed Salah
84%
Pelé
84%
Antoine Griezmann
83%
Sergio Ramos
83%
Thiago Silva
83%
Edinson Cavani
82%
Harry Kane
82%
kevin de Bruyne
82%
Ronaldo
82%
Eden Hazard
81%
Erling Haaland
81%
Luis Suarez
81%
Zinédine Zidane
81%
Aurélien Tchouaméni
80%
Gavi
80%
Hakim Ziyech
80%
Marcelo
80%
Olivier Giroud
80%
Thierry Henry
80%
David Beckham
79%
Marquinhos
79%
Paul Pogba
79%
Xavi
79%
Kingsley Coman
78%
Marco Asensio
78%
Memphis Depay
78%
Phil Foden
78%
Casemiro
77%
Julian Alvarez
77%
Sadio Mané
77%
Toni Kroos
77%
Yassine Bounou
77%
Bernado Silva
76%
Pedri
76%
Pepe
76%
Randal Kolo Muani
76%
Sergio Aguero
76%
Mesut Özil
75%
Thomas Muller
75%
Ronaldinho
74%
Kaka
73%
Marcus Rashford
73%
Diego Maradona
72%
Saka
72%
Gareth Bale
71%
Jack Grealish
71%
Marco Verratti
71%
Angel Di Maria
70%
Gabriel Jesus
70%
Lucas Hernandez
70%
Vitinha
70%
Lucas Paqueta
69%
N'Golo Kanté
68%
Zlatan Ibrahimovic
68%
Bruno Fernandes
67%
Ousmane Dembélé
67%
Rivaldo
67%
Rodri
67%
Serge Gnabry
67%
Joao Félix
66%
Alphonso Davies
65%
Donnarumma
65%
Mattéo Guendouzi
65%
Presnel Kimpembe
65%
Wayne Rooney
65%
Alexandre Lacazette
64%
Ederson
64%
Fabian Ruiz
64%
Keylor Navas
64%
Victor Osimhen
64%
Cody Gakpo
63%
Mason Mount
63%
Danilo
60%
Joshua Kimmich
60%
Alexis Sanchez
59%
Fabinho
59%
Federico Valverde
59%
Antony
58%
Raphinha
58%
Richarlison
58%
Alisson Becker
57%
Dani Carvajal
56%
Juan Bernat
55%
Michel Platini
55%
Warren Zaïre-Emery
55%
Renato Sanches
53%
Sofyan Amrabat
53%
Lisandro Martinez
52%
Sofiane Boufal
52%
Joško Gvardiol
50%
Ferran Torres
48%
Radamel Falcao
48%
Eric Dier
47%
Mac Allister
47%
Nuno Mendes
47%
Ludovic Blas
46%
Nordi Mukiele
46%
pedro
46%
Son Heung-min
46%
Sergio Rico
45%
Cristian Romero
44%
Eusebio
43%
Kaoru Mitoma
43%
Lucas Vázquez
42%
Saïd Benrahma
42%
Azzedine Ounahi
41%
Dani Ceballos
41%
Garrincha
41%
Michael Owen
41%
Timothy Weah
35%
Romain Saiss
33%
Michy Batshuayi
32%
Lovro Majer
31%
Youssef En-Nesyri
31%
Ismaël Gharbi
29%
Timothée Pembélé
28%
Dominik Livakovic
27%
Emerson
25%
Rodrygo Goes
24%
Fred
22%
Nuno Tavares
22%
Tyler Adams
21%
Carlos Bacca
20%
Romario
20%
El Chadaille Bitshiabu
18%
Zakaria Aboukhlal
13%
Acharf Dari
10%
Akram Afif
10%
Brenden Aaronson
7%
Luis Chavez
3%
Mitchell Duke
3%
Filippo Falco
1%
Sergio Akieme
1%
Taylor Booth
1%
Yousef Al-Salem
1%

Distribution des résultats

Percentile par nombre de réponses

% des personnes avec chaque résultat

Votre développement - résultats

Vous n’avez pas pris ce quiz